White nights / (Record no. 50269)
| 000 -LEADER | |
|---|---|
| fixed length control field | 01241nam a2200265 4500 |
| 020 ## - INTERNATIONAL STANDARD BOOK NUMBER | |
| International Standard Book Number | 9780241252086 (paperback) : |
| Terms of availability | £2.00 |
| 042 ## - AUTHENTICATION CODE | |
| Authentication code | ukblsr |
| 082 ## - DEWEY DECIMAL CLASSIFICATION NUMBER | |
| Classification number | 891.733 |
| Edition number | 23 |
| 100 ## - MAIN ENTRY--PERSONAL NAME | |
| Personal name | Dostoyevsky, Fyodor, |
| Dates associated with a name | 1821-1881, |
| Relator term | author. |
| 245 10 - TITLE STATEMENT | |
| Title | White nights / |
| Statement of responsibility, etc | Fyodor Dostoyevsky ; translated by Ronald Meyer. |
| 260 ## - PUBLICATION, DISTRIBUTION, ETC. (IMPRINT) | |
| Name of publisher, distributor, etc | Penguin Classic |
| Date of publication, distribution, etc | February 28, 2017. |
| 300 ## - PHYSICAL DESCRIPTION | |
| Extent | 112 pages ; |
| Dimensions | 16 cm. |
| 490 ## - SERIES STATEMENT | |
| Series statement | Penguin little black classics ; |
| Volume number/sequential designation | no. 118 |
| 500 ## - GENERAL NOTE | |
| General note | 'White Nights' was first published in its original Russian as Belye nochi in 1848. 'Bobok' first appeared in 1873; the title means 'little bean.' Both are taken from the The Gambler and Other Stories, translated by Ronald Meyer. |
| 500 ## - GENERAL NOTE | |
| General note | Translated from the Russian. |
| 500 ## - GENERAL NOTE | |
| General note | Formerly CIP. |
| 600 ## - SUBJECT ADDED ENTRY--PERSONAL NAME | |
| Personal name | Dostoyevsky, Fyodor, |
| Dates associated with a name | 1821-1881 |
| Form subdivision | Translations into English. |
| 9 (RLIN) | 87277 |
| 650 ## - SUBJECT ADDED ENTRY--TOPICAL TERM | |
| 9 (RLIN) | 81792 |
| Topical term or geographic name as entry element | Psychological abuse |
| Form subdivision | Fiction |
| 650 ## - SUBJECT ADDED ENTRY--TOPICAL TERM | |
| 9 (RLIN) | 58014 |
| Topical term or geographic name as entry element | Love stories. |
| 700 12 - ADDED ENTRY--PERSONAL NAME | |
| Personal name | Dostoyevsky, Fyodor, |
| Dates associated with a name | 1821-1881. |
| Title of a work | Belye nochi. |
| Language of a work | English. |
| 9 (RLIN) | 87278 |
| 700 12 - ADDED ENTRY--PERSONAL NAME | |
| Personal name | Dostoyevsky, Fyodor, |
| Dates associated with a name | 1821-1881. |
| Title of a work | Bobok. |
| 9 (RLIN) | 87279 |
| 700 1# - ADDED ENTRY--PERSONAL NAME | |
| Personal name | Dostoyevsky, Fyodor, |
| Dates associated with a name | 1821-1881. |
| Title of a work | Gambler and Other Stories. |
| 9 (RLIN) | 87280 |
| 942 ## - ADDED ENTRY ELEMENTS (KOHA) | |
| Source of classification or shelving scheme | |
| Koha item type | Book |
| Withdrawn status | Lost status | Source of classification or shelving scheme | Damaged status | Not for loan | Home library | Current library | Date acquired | Total Checkouts | Full call number | Barcode | Date last seen | Date checked out | Price effective from | Koha item type |
|---|---|---|---|---|---|---|---|---|---|---|---|---|---|---|
| Logos International School | Logos International School | 03/23/2026 | 1 | FIC DOS | 040912 | 03/30/2026 | 03/25/2026 | 03/23/2026 | Book |